| 000 | 00911camaa2200325Mi 4500 | ||
|---|---|---|---|
| 001 | 95739 | ||
| 005 | 20230411085821.0 | ||
| 008 | 880426s1986 sp 000 0 spa d | ||
| 035 | _a(OCoLC)ocn434825357 | ||
| 040 |
_aBNM _erdc _bspa _cBNM _dESLEO _dBNMEX |
||
| 016 | 7 |
_abimoBNE19910157845 _2SpMaBN |
|
| 017 | _aM 26618-1986 | ||
| 020 | _a8475253814 | ||
| 020 | _a9788475253817 | ||
| 035 | _a(OCoLC)434825357 | ||
| 050 | 1 | 4 |
_aR G 108 _bD545 1986 |
| 082 | 0 | 0 | _a910.3 |
| 049 | _aGRAL | ||
| 245 | 1 | 0 |
_aDiccionario de geografĂa / _c[Rafael Puyol Antolin... (et al.)]. |
| 250 | _a[1a. ed.] | ||
| 260 |
_aMadrid : _bAnaya, _c1986. |
||
| 300 |
_axiv, 478 p. _bil. _c22 cm. |
||
| 650 | 0 |
_aGeography _vDictionaries _xSpanish. |
|
| 650 | 7 |
_aGeografia _vDiccionarios. _2embne |
|
| 650 | 4 | _aGeografia - Diccionarios. | |
| 700 | 1 | _aPuyol, Rafael. | |
| 942 |
_2lcc _cbk |
||
| 994 |
_aC0 _bDRFGD |
||
| 946 | _aJCM | ||
| 999 |
_c107776 _d107776 |
||